000
00221nam a2200097Ia 4500
008
240331s9999 xx 000 0 und d
082
_b
SIV
100
_a
Sivarajah, A
245
0
_a
Uyardhara arasiyal sinthanaikal
942
_c
L
999
_c
2281
_d
2281